| 000 | 01290nam a2200301 a 4500 | ||
|---|---|---|---|
| 001 | 000013951 | ||
| 005 | 20250924073801.0 | ||
| 008 | 091202s1983 dr 001 0 spa d | ||
| 040 |
_aDO-SdBNP _bspa _cBNPHU |
||
| 082 |
_a389.15 _bS623i |
||
| 245 | 1 | 0 |
_aSistema internacional de unidades : _bfundamentos y aplicación / _cGriselda Andújar de Báez ... [et al.] , editor Blanca Ordette García Peguero ; presentación Fernando Sánchez Martínez. |
| 260 |
_aSanto Domingo : _bUASD, _c1983. |
||
| 300 |
_a305 p. ; _c21 cm. |
||
| 490 | 1 |
_aPublicaciones de la Universidad Autónoma de Santo Domingo _v325 |
|
| 490 | 1 |
_aCiencia y tecnología _v19 |
|
| 500 | _aIncluye referencias bibliográficas y notas al pie de las páginas | ||
| 504 | _aBibliografía : p. 299 - 305 | ||
| 590 | _aInventariado, 2018/VM | ||
| 650 | 4 |
_aSistema metrico _931607 |
|
| 650 | 4 |
_aTablas de conversión _931608 |
|
| 700 | 1 | 2 |
_aAndújar de Báez, Griselda _931609 |
| 700 | 1 | 2 |
_aGarcía Peguero, Blanca Ordette _eed. _931610 |
| 700 | 1 | 2 |
_aSánchez Martínez, Fernando _97183 |
| 710 | 1 |
_aUniversidad Autónoma de Santo Domingo _972951 |
|
| 830 |
_aPublicaciones de la Universidad Autónoma de Santo Domingo _v325 _952 |
||
| 830 | 0 |
_aCiencia y tecnología _v19 _917780 |
|
| 910 | _aValidado. Control de calidad MFF | ||
| 999 |
_c13555 _d13555 |
||